| 000 | 00508nam a2200157 a 4500 | ||
|---|---|---|---|
| 001 | 254 | ||
| 003 | CDMR | ||
| 005 | 20130319192854.0 | ||
| 008 | 130130s1989||||||||||||||||||||||||||||d | ||
| 040 |
_aCDMR _bcat _cCPC LLEIDA |
||
| 100 | 1 |
_aMachetti, Sandro _9163 |
|
| 245 | 1 | 0 |
_aAproximación a la tendencia del gusto musical en Lleida durante la segunda mitad del siglo XIX _cSandro Machetti ; prólogo de Xosé Aviñoa |
| 260 |
_aLleida _c1989 _bUniversitat de Lleida |
||
| 490 | 0 |
_aEspai/Temps _v15 |
|
| 942 |
_cMON _2udc |
||
| 999 |
_c254 _d254 |
||